000 00951nam a2200253Ia 4500
003 GCL
005 20240530103106.0
008 140319s9999 xx 000 0 ara d
040 _aGCL /
_cGCL
082 0 4 _a953.082
_bق/ا ت
100 1 _aاحمد عبدالكريم سليمان
245 1 0 _aتيمورلنك ودولة المماليك الجراكسة :
_bمع ترجمة مقال الكاتب اللاتينى دى دى ميجنانللى عن حياة تيمورلنك /
_cاحمد عبدالكريم سليمان
250 _aط1
260 _aالقاهرة :
_bدار النهضة العربية ،
_c1985
300 _a94 ص؛
_c24 سم
650 0 4 _aمصر
_xتاريخ
650 0 4 _aمصر
_xالاحوال السياسية
650 0 4 _aالعراق
650 0 4 _aالمماليك الجراكسة
650 0 4 _aبلاد الشام
650 0 4 _aالدولة الايوبية
650 0 4 _aالمغول
942 _2ddc
_cBK
999 _c36769
_d36769